Teoría de la justicia
Wedi'i Gadw mewn:
| Prif Awdur: | |
|---|---|
| Fformat: | Llyfr |
| Iaith: | Undetermined |
| Cyhoeddwyd: |
México, Distrito Federal
Fondo de Cultura Económica
1995
|
| Rhifyn: | 2 |
| Pynciau: | |
| Tagiau: |
Ychwanegu Tag
Dim Tagiau, Byddwch y cyntaf i dagio'r cofnod hwn!
|
MARC
| LEADER | 00000nam a2200000Ia 4500 | ||
|---|---|---|---|
| 008 | 170316s9999 xx 000 0 und d | ||
| 090 | |a 100 R-10t | ||
| 100 | |a Rawls, John | ||
| 245 | |a Teoría de la justicia | ||
| 250 | |a 2 | ||
| 260 | |a México, Distrito Federal | ||
| 260 | |b Fondo de Cultura Económica | ||
| 260 | |c 1995 | ||
| 300 | |a 549 páginas | ||
| 650 | |a FILOSOFÍA | ||
| 650 | |a LA JUSTICIA | ||
| 650 | |a LAS INSTITUCIONES | ||
| 650 | |a LOS FINES | ||
| 650 | |a LA BONDAD - RACIONALIDAD | ||
| 650 | |a EL BIEN | ||
| 999 | |c 17396 |d 17396 | ||
| 040 | |a cru BVZT | ||
| 942 | |c 15 D |h 100 R-10t |2 z | ||
